000 00513nam a2200181Ia 4500
999 _c31938
_d31938
003 OSt
005 20200728104751.0
008 190216s9999||||xx |||||||||||||| ||und||
020 _a8177555294
040 _coclc
082 _a510.3
_bKAP/C
100 _aKapoor, Rani
_93811
245 0 _aCosmo Dictionary Of Mathematics /
_cRani Kapoor
260 _bCosmo Publications,
_a New Delhi:
_c2003.
300 _a304p
650 _aMathematics
942 _cBK
_2ddc
_h510.3
_iKAP/C
_k510.3
_mKAP/C